De la provincia Celtiberia a la qūrā de Santabariyya : arqueología de la antigüedad tardía en la provincia de Cuenca (siglos V-VIII d.C.) /
This volume presents a historical and archaeological study of the province of Cuenca in Late Antiquity. The study concludes with an examination of the archaeological collection from the province, which has been divided into three large groups: monumental sculpture and epigraphic items, ceramic produ...
المؤلف الرئيسي:
التنسيق: كتاب الكتروني
اللغة: Spanish
منشور في:
Summertown, Oxford :
Archaeopress Publishing Ltd,
2019.
الموضوعات:
الوصول للمادة أونلاين: Login to view Source
الوسوم: إضافة وسم
رقم الطلب: DP96
| LEADER | 02150nam a2200433 i 4500 | ||
|---|---|---|---|
| 001 | EDZ0002020025 | ||
| 003 | StDuBDS | ||
| 005 | 20230412182356.0 | ||
| 006 | m|||||o||d|||||||| | ||
| 007 | cr ||||||||||| | ||
| 008 | 181212s2019 enkab fob 001|0|spa|d | ||
| 020 | |a 9781789690651 (ebook) : |c No price | ||
| 040 | |a StDuBDS |b eng |c StDuBDS |e rda |e pn | ||
| 041 | 0 | |a spa |b eng | |
| 050 | 4 | |a DP96 | |
| 082 | 0 | 4 | |a 946.4701 |2 23 |
| 100 | 1 | |a Barroso Cabrera, Rafael, |e author. | |
| 245 | 1 | 0 | |a De la provincia Celtiberia a la qūrā de Santabariyya : |b arqueología de la antigüedad tardía en la provincia de Cuenca (siglos V-VIII d.C.) / |c Rafael Barroso Cabrera. |
| 264 | 1 | |a Summertown, Oxford : |b Archaeopress Publishing Ltd, |c 2019. | |
| 300 | |a 1 online resource (630 pages) : |b illustrations (black and white), maps (black and white) | ||
| 336 | |a text |2 rdacontent | ||
| 336 | |a still image |2 rdacontent | ||
| 336 | |a cartographic image |2 rdacontent | ||
| 337 | |a computer |2 rdamedia | ||
| 338 | |a online resource |2 rdacarrier | ||
| 500 | |a Previously issued in print: 2019. | ||
| 504 | |a Includes bibliographical references and index. | ||
| 520 | 8 | |a This volume presents a historical and archaeological study of the province of Cuenca in Late Antiquity. The study concludes with an examination of the archaeological collection from the province, which has been divided into three large groups: monumental sculpture and epigraphic items, ceramic productions and metalwork arts. | |
| 521 | |a Specialized. | ||
| 546 | |a Text in Spanish with summaries in English. | ||
| 588 | |a Description based on online resource; title from home page (viewed on February 27, 2019). | ||
| 651 | 0 | |a Cuenca (Spain : Province) |x History. | |
| 650 | 0 | |a Excavations (Archaeology) |z Spain |z Cuenca (Province) | |
| 651 | 0 | |a Cuenca (Spain : Province) |x Politics and government. | |
| 776 | 0 | 8 | |i Print version : |z 9781789690644 |
| 856 | 4 | 0 | |3 Archaeopress |u http://library.arce.org:8087/Archaeopress/Products/9781789690644 |
| 942 | |2 lcc |c EBOOK | ||
| 952 | |0 0 |1 0 |4 0 |6 DP0096 |7 1 |9 46483 |a ARCH |b ARCH |d 2023-04-12 |l 0 |o DP96 |r 2023-04-12 00:00:00 |w 2023-04-12 |y EBOOK | ||
| 999 | |c 52141 |d 52141 | ||
